Spice World - The Movie

Bibliographic Details
Format: Article
Language:Slovak
PhysicalDescription:Fotogr.
Subjects:

MARC

LEADER 00000nab a2200000 a 4500
001 vtls000655187
003 SK-MaSNL
005 20260302182712.0
008 180206c1998 xo 0 slo
015 |a SNBRA1998/03-07499 
035 |a CLN000007380 
040 |a SNKBUCL  |b slo  |c SNKBUCL  |e AACR2 
041 0 |a slo 
044 |a xo  |c SK 
080 |a 791.43(410)  |2 UDC-MRF-SK2 
245 0 0 |a Spice World - The Movie 
300 |b Fotogr. 
630 0 7 |a Spice World (film)  |x recenzie  |2 snkbucl  |9 895139 
655 7 |a články z novín a časopisov  |2 snkbucl  |9 267496 
773 0 |t Film  |g Č. 2 (1998), s. 27 
850 |a Slovenská národná knižnica v Martine 
852 |a SNK  |b KIS3GCP 
958 |a RBX 
999 |c 1419086  |d 1421016